ბათუმის შოთა რუსთაველის სახელმწიფო უნივერსიტეტის ბიბლიოთეკა

როგორ დავიწყოთ საკუთარი ბიზნესი : (ბიბ.ჩანაწერი № 64100)

000 -ლიდერი
ფიქსირებული სიგრძის საკონტროლო ველი 00887nam a22001817a 4500
003 - საკონტროლო ნომრის იდენტიფიკატორი
საკონტროლო ველი Ge_BSU
005 - ბოლო ოპერაციის თარიღი და დრო
საკონტროლო ველი 20260401114923.0
008 - ფიქსირებული სიგრძის მონაცემთა ელემენტები - ზოგადი ინფორმაცია
ფიქსირებული სიგრძის საკონტროლო ველი 260401s2007 ge ||||| |||| 00| 0 geo d
041 ## - ენის კოდი
Language code of text/sound track or separate title geo
080 ## - უნივერსალური ათობითი კლასიფიკაციის ინდექსი
Universal Decimal Classification number 338.22 რ-72
245 ## - ცნობა სათაურის შესახებ
Title როგორ დავიწყოთ საკუთარი ბიზნესი :
Remainder of title აშშ მცირე ბიზნესის ადმინისტრაციის ექსპერტული რჩევა /
Statement of responsibility, etc შემდგ. G.Howard Potteet ; [რედ. რევაზ ვაჩნაძე].
264 ## - წარმოების, გამოცემის, დისტრიბუციის და სხვა ცნობები
გამოცემის, წარმოების, დისტრიბუციის... ადგილი თბ.,
გამოცემის, წარმოების, დისტრიბუციის... თარიღი 2007.
300 ## - ფიზიკური აღწერა
Extent 216 გვ. ;
Other physical details 29 სმ.
653 ## - INDEX TERM--UNCONTROLLED
Uncontrolled term ბიზნესი
700 ## - ADDED ENTRY--PERSONAL NAME
Personal name პოტეტი, ჰოვარდ ჯ.
Relator term შემდგენელი
9 (RLIN) 27248
700 ## - ADDED ENTRY--PERSONAL NAME
Personal name ვაჩნაძე, რევაზ
Relator term რედაქტორი
9 (RLIN) 27249
942 ## - ADDED ENTRY ELEMENTS (KOHA)
Source of classification or shelving scheme
Koha item type წიგნი
ეგზემპლარები
ჩამოწერის სტატუსი დაკარგული ეგზემპლარის სტატუსი კლასიფიკაციის წყარო ან თაროზე გაწყობის სქემა დაზიანების სტატუსი არ გაიცემა მუდმივი მდებარეობა (დაცვის ადგილი) ამჟამინდელი ადგილსამყოფელი თაროზე განთავსების ადგილი შეძენის თარიღი ღირებულება, შესყიდვის ნორმალური ფასი სრული შენახვის შიფრი შტრიხკოდი ბოლო ოპერაციის თარიღი ეგზემპლარის მიმდევრობითი ნომერი (კეტერი?) ფასის ძალაში შესვლის თარიღი ეგზემპლარის სახეობა საჯარო შენიშვნა
          ბათუმის შოთა რუსთაველის სახელმწიფო უნივერსიტეტის მთავარი ბიბლიოთეკა ბათუმის შოთა რუსთაველის სახელმწიფო უნივერსიტეტის მთავარი ბიბლიოთეკა წიგნსაცავი 2026-04-01 20.00 338.22 რ-72 74202 2026-04-01 74202 2026-04-01 წიგნი 20 ლ.